00582nam a2200193Ia 4500003000900000008004100009020002200050040001600072080001900088100001900107245011800126260004200244300001300286650001600299650001900315650001400334700002100348700001900369IN-BaIIA211028s9999 xx 000 0 eng d a978-3-527-40994-5 cIIA Library a523.98-78bSTE aStepanov, A. V 0aCoronal seismologybwaves and oscillations in stellar coronaecA. V. Stepanov, V. V. Zaitsev and V. M. Nakariakov aWeinheimbWiley-VCH Verlag Gmbhc2012 ax, 221p. aElectronics aMagnetic Loobs aMagnetics aNakariakov, V. M aZaitsev , V. V